Mario what’s true quiz - Statistics

General Stats
  • This quiz has been taken 114 times
    113 since last reset
  • The average score is 3 of 13
Answers on the Grid
Answers color-coded by a green-red scale on the quiz's grid according to % correct below.
Mario and Luigi is plumbers
Peach has pink clothes
Daisy is princess over flower kingdom
Toadsworths first game was Super Mario Sunshine
The blue toad from Captien toad is Hint toad
Mario’s second game is Donkey kong jr
Luigi’s first own game is Luigi bros
In Luigi mansion 3, the red big ghost is named slammer
Pr. E Gadd real name is Elvis Gadd
Cranky Kong is in the Mario movie
Pauline is playable in mario kart 7
Pianta’s first game is super Mario sunshine
The big piranha plant whit red pants is Peter piranha
Mario and Sonic is the same creators
Mario, Luigi, Wario, Waluigi and Donkey kong is the same voice actor
Wubba is ONLY from Super Mario Wonders
Wiggler is yellow when he’s normal, red when he’s angry and purple when he’s scared
Mini goombas don’t take damage they just climb up on you
It’s 7 koopalings
Bowser jr’s gender is boy
Ron is a koopaling
It’s 375 goombas in total
The red shelled koopa troopa’s can’t fall down when they walk
The dog from Super Mario Odyssey is named Oliver
Mario’s old name was Jump boy
Amp is the flower from Super Mario Wonders
Princess Florian is prince over flower kingdom
Mario can capture jaxi in Super Mario Odyssey
Mario I was originally Popeye
In Super Mario Kart (MK 1) the sound of the cars is made whit Lego
 
Answer Stats
Answer % Correct
Mario and Luigi is plumbers
98%
Peach has pink clothes
88%
Toadsworths first game was Super Mario Sunshine
35%
Mario’s second game is Donkey kong jr
23%
The blue toad from Captien toad is Hint toad
14%
Cranky Kong is in the Mario movie
12%
Pianta’s first game is super Mario sunshine
11%
Mario, Luigi, Wario, Waluigi and Donkey kong is the same voice actor
5%
The red shelled koopa troopa’s can’t fall down when they walk
5%
Wubba is ONLY from Super Mario Wonders
5%
Mario I was originally Popeye
4%
Mini goombas don’t take damage they just climb up on you
4%
It’s 7 koopalings
2%
No matching quizzes found
Score Distribution
Percent of People with Each Score
Percentile by Number Answered
Your Score History
You have not taken this quiz since the last reset